Statistics for Countries that border South Africa

Click here to take the quiz!

General Stats

  • This quiz has been taken 61 times
  • The average score is 6 of 6

Answer Stats

Answer% Correct
Lesotho
100%
Mozambique
97%
Namibia
97%
Botswana
95%
Zimbabwe
95%
Swaziland
85%

Score Distribution

Percentile by Number Answered

Percent of People with Each Score

Your Score History

You have not taken this quiz